Sexiest Accents in the World - Statistics

General Stats
  • This quiz has been taken 3,384 times
  • The average score is 7 of 10
Answer Stats
Hint Answer % Correct
4. French
92%
6. British
90%
8. Spanish
89%
2. Italian
83%
10. North American
68%
5. Australian
65%
1. Irish
63%
3. Scottish
43%
7. Swedish
43%
9. Welsh
28%
No matching quizzes found
Score Distribution
Percent of People with Each Score
Percentile by Number Answered
Your Score History
You have not taken this quiz